000 00539nam a22001937a 4500
003 OSt
005 20140310181809.0
008 130705t xxu||||| |||| 00| 0 eng d
020 _a9780753702789
050 _aD 21.1
_b.H673 2002
082 _aREF 902
_bH62 2001
245 _aHistory of the world :
_bfrom 4 million years bc to the present day
260 _aEngland:
_bOctopus Publishing:
_cc2001.
300 _a288 p.
_bill. col.
_c28 cm.
521 _aBasic Ed.Students
541 _j1
562 _e1
942 _2lcc
_cBK-GR
_kREF
999 _c3889
_d3889